书目信息 |
| 题名: |
河南省选调生招录考试专用教材一本通
|
|
| 作者: | 易定宏 | |
| 分册: | ||
| 出版信息: | 北京 京华出版社 2011.09 |
|
| 页数: | 430页 | |
| 开本: | 20cm | |
| 丛书名: | ||
| 单 册: | ||
| 中图分类: | D630.3 | |
| 科图分类: | ||
| 主题词: | 政治--中国 | |
| 电子资源: | ||
| ISBN: | 978-7-5502-0029-6 | |
| 000 | 00649nam0 2200205 450 | |
| 001 | 1257580928 | |
| 005 | 20120924160156.15 | |
| 010 | @a978-7-5502-0029-6@dCNY88.00 | |
| 100 | @a20120924d2011 km y0chiy0120 ea | |
| 101 | 0 | @achi |
| 102 | @aCN | |
| 200 | 1 | @a河南省选调生招录考试专用教材一本通@Ahe nan sheng xuan tiao sheng zhao lu kao shi zhuan yong jiao cai yi ben tong@e2012@f易定宏@Fyi ding hong |
| 210 | @a北京@c京华出版社@d2011.09 | |
| 215 | @a430页@d20cm | |
| 517 | 1 | @a2012 |
| 606 | 0 | @a政治@x中国 |
| 690 | @aD630.3@v4 | |
| 701 | 0 | @a易定宏@Ayi ding hong |
| 801 | 0 | @aCN@b大连网信软件有限公司图书馆·11@c20120924 |
| 905 | @aZUCC@dD630.3@eY546 | |
| 河南省选调生招录考试专用教材一本通:2012/易定宏.-北京:京华出版社,2011.09 |
| 430页;20cm |
| ISBN 978-7-5502-0029-6:CNY88.00 |
| ● |
| 相关链接 |
|
|
|
正题名:河南省选调生招录考试专用教材一本通
索取号:D630.3/Y546
 
预约/预借
| 序号 | 登录号 | 条形码 | 馆藏地/架位号 | 状态 | 备注 |
| 1 | 487118 | 204871184 | 社科库509/422社科库 42排4列5层/ [索取号:D630.3/Y546] | 在馆 |